000 00708cam a22002294a 4500
005 20251007131419.0
020 _a019566907X
_cTZS 28,765/=
040 _aMCCL
_beng.
_eAACR 2nd rev.ed.
082 _a344.046 BEL
100 _aBell,Stuart
245 1 0 _aEnvironmental law:
_bthe law and policy relating to the protection of the environment
_c/ Stuart,Bell and Donald,McGillivray
250 _a5th ed.
260 _aNew York :
_bOxford university press.;
_cc 2002.
300 _axlviii,726 p. :
_c24 cm.
504 _aIncludes index.
546 _aeng.
650 0 _aEnvironmental law
650 0 _aEnvironmental protection
650 0 _aWaste management
700 _aMcGillivray, Donald
942 _cBK
999 _c12231
_d12231